| 000 | 00431nam a2200181Ia 4500 | ||
|---|---|---|---|
| 001 | 3092 | ||
| 005 | 20260306144855.0 | ||
| 008 | 260306t1992||||xx |||||||||||||| ||spa|| | ||
| 041 | _aESP | ||
| 082 |
_a250.251 _bL33C |
||
| 100 |
_aLe Tourneau, Dominique _eAUT |
||
| 245 | 0 | _aCuestiones de derecho canónico | |
| 260 | _c1992 | ||
| 300 |
_a311 páginas : _c18 cm. |
||
| 650 | _aGEN | ||
| 654 | _aCHU | ||
| 942 |
_cLIB _dJUS _fJUS _2ddc _n |
||
| 999 |
_c3092 _d3092 |
||